000 00561nam a22001937a 4500
999 _c4068
_d4068
003 AR-CdUCM
008 190307b ||||| |||| 00| 0 spa d
040 _aMUNICIPALIDAD PROVINCIAL DEL CUSCO
_cBIBLIOTECA MUNICIPAL DEL CUSCO
082 _a869.75 /
_bP53
100 _aPicon - Salas, Mariano
_97926
245 _aRegreso de tres mundos /
260 _aMexico:
_bFondo de cultura económica
_c1959.
300 _a145 páginas ;
_c20 cm.
650 _aNovela
_95
650 _aLiteratura
_983
650 _aCaracas
_93923
942 _2ddc
_cLIBROS
945 _admma